Statistics for Yeat Discography (Hard)

Click here to take the quiz!

General Stats

  • This quiz has been taken 151 times
  • The average score is 7 of 12

Answer Stats

YearTypeName% Correct
2022Solo Album2 Alive
95%
2022EPLyfe
95%
2021Solo AlbumUp 2 Me
93%
2021MixtapeAlive
87%
2021Mixtape4L
79%
2021EPTrendi
68%
2019MixtapeWake Up Call
61%
2019EPDifferent Creature
44%
2018EPDeep Blue Strips
30%
2020MixtapeI'm So Me
27%
2020EPWe Us
8%
2020EPHold On
7%

Score Distribution

Percentile by Number Answered

Percent of People with Each Score

Your Score History

You have not taken this quiz